Цифровая мобильная радиосвязь: учебное пособие

Dettagli Bibliografici
Autore principale: Галкин В. А. Вячеслав Александрович
Riassunto:Рассмотрены основные методы и технические решения построения цифрового радиоканала для мобильных систем радиосвязи, а также общие принципы построения и проектирования мобильных сетей радиосвязи. Первая часть книги посвящена теоретическим основам построения радиоканала. В ней рассмотрены свойства цифровых модулирующих сигналов, классические узкополосные методы модуляции и модулированные сигналы с расширенным спектром, типы фединга при многолучевом распространении радиоволн, методы оптимального приема цифровых модулированных сигналов в условиях белого гауссовского шума и фединга, схемы тактовой синхронизации и алгоритмы восстановления цифрового сообщения, методы синтеза и преобразования частот. Во второй части систематизированы сведения об организации каналов и сетей связи. Рассмотрены методы разделения и коммутации каналов, передача данных по цифровому радиоканалу, доступ абонентов к ограниченным ресурсам сети и разрешение конфликтных ситуаций, транкинг и качество обслуживания, управление обслуживания абонентов при миграции, основы построения сетей сотовой связи, расчет дальности радиосвязи и частотно-территориальное планирование. Во втором издании исправлены недостатки и неточности, существенно расширены разделы, посвященные особенностям распространения радиоволн в условиях города, оптимального приема и синхронизации.Для студентов старших курсов, обучающихся по инфокоммуникацион-ным и радиотехническим специальностям, может быть полезна аспирантам и инженерам, работающим в области цифровых сетей радиосвязи.
Lingua:russo
Pubblicazione: Москва, Горячая линия-Телеком, 2012
Edizione:2-е изд., перераб. и доп.
Serie:Для высших учебных заведений. Специальность
Soggetti:
Natura: Libro
KOHA link:https://koha.lib.tpu.ru/cgi-bin/koha/opac-detail.pl?biblionumber=218858

MARC

LEADER 00000nam0a2200000 4500
001 218858
005 20231101230225.0
010 |a 9785991201858 
035 |a (RuTPU)RU\TPU\book\238893 
090 |a 218858 
100 |a 20120627d2012 m y0rusy50 ca 
101 0 |a rus 
102 |a RU 
105 |a a j 001zy 
200 1 |a Цифровая мобильная радиосвязь  |e учебное пособие  |f В. А. Галкин 
205 |a 2-е изд., перераб. и доп. 
210 |a Москва  |c Горячая линия-Телеком  |d 2012 
215 |a 590 с.  |c ил. 
225 1 |a Для высших учебных заведений. Специальность 
320 |a Библиогр.: с. 580-581. 
320 |a Предметный указатель: с. 582-585. 
330 |a Рассмотрены основные методы и технические решения построения цифрового радиоканала для мобильных систем радиосвязи, а также общие принципы построения и проектирования мобильных сетей радиосвязи. Первая часть книги посвящена теоретическим основам построения радиоканала. В ней рассмотрены свойства цифровых модулирующих сигналов, классические узкополосные методы модуляции и модулированные сигналы с расширенным спектром, типы фединга при многолучевом распространении радиоволн, методы оптимального приема цифровых модулированных сигналов в условиях белого гауссовского шума и фединга, схемы тактовой синхронизации и алгоритмы восстановления цифрового сообщения, методы синтеза и преобразования частот. Во второй части систематизированы сведения об организации каналов и сетей связи. Рассмотрены методы разделения и коммутации каналов, передача данных по цифровому радиоканалу, доступ абонентов к ограниченным ресурсам сети и разрешение конфликтных ситуаций, транкинг и качество обслуживания, управление обслуживания абонентов при миграции, основы построения сетей сотовой связи, расчет дальности радиосвязи и частотно-территориальное планирование. Во втором издании исправлены недостатки и неточности, существенно расширены разделы, посвященные особенностям распространения радиоволн в условиях города, оптимального приема и синхронизации.Для студентов старших курсов, обучающихся по инфокоммуникацион-ным и радиотехническим специальностям, может быть полезна аспирантам и инженерам, работающим в области цифровых сетей радиосвязи. 
606 1 |a Мобильная связь  |2 stltpush  |3 (RuTPU)RU\TPU\subj\58935  |9 76617 
610 1 |a связь 
610 1 |a беспроводные сети 
610 1 |a цифровые сигналы 
610 1 |a модулированные сигналы 
610 1 |a частоты 
610 1 |a синтез 
610 1 |a преобразование 
610 1 |a радиоволны 
610 1 |a распространение 
610 1 |a оптимальные приемники 
610 1 |a прием 
610 1 |a каналы 
610 1 |a сети 
610 1 |a стандарты 
610 1 |a учебные пособия 
675 |a 621.395.7(075.8)  |v 3 
700 1 |a Галкин  |b В. А.  |g Вячеслав Александрович 
801 1 |a RU  |b 63413507  |c 20120627 
801 2 |a RU  |b 63413507  |c 20150611  |g RCR 
942 |c BK 
959 |a 95/20120627  |d 2  |e 704,00  |f ЧЗТЛ:1  |f АНЛ:1